000 00778nas a2200229 4500
001 BR9203670
003 BR-BrBNA
005 20231205095043.0
007 ta
008 230509b bl.|||p| |||| 00| 00por d
040 _aBR-BrBNA
_bpor
_cBiblioteca Nacional de Agricultura
041 _a(Pt)
072 _aC20
100 1 _aTrindade, A.M. de S.
100 1 _aTonini, E.
245 1 _aPerfil do medico veterinario como agente de extensao rural no estado do Rio Grande do Sul: formacao academica e desempenho profissional
650 _aExtensao Rural
650 _aVeterinaria
773 0 _tRevista do Centro de Ciencias Rurais (Brazil)
_xISSN 0085-5901
_g(Apr-Jun 1986), v. 16(2) p. 171-176
_wBR9203670
909 _a202311
_bLúcia
_c55
_dLúcia Elande
942 _2AGRIS
_n0
_cANA
999 _c148471
_d148471